ARETÉ (Record no. 152238)

000 -CABECERA
Campo de control de longitud fija 00952nam a2200253 c 4500
003 - IDENTIFICADOR DE NÚMERO DE CONTROL
Campo de control ES-MaIEF
005 - FECHA Y HORA DE LA ÚLTIMA TRANSACCIÓN
Campo de control 20260506084838.0
007 - CAMPO FIJO DE DESCRIPCIÓN FÍSICA - INFORMACIÓN GENERAL
campo de control de longitud fija ta
008 - CAMPO FIJO DE DESCRIPCIÓN FIJA - INFORMACIÓN GENERAL
Campo de control de longitud fija 231018t2026 sp ||||| |||| 00| 0 mul d
017 ## - DEPÓSITO LEGAL
DEPÓSITO LEGAL GR 18/2026
020 ## - INTERNATIONAL STANDARD BOOK NUMBER
ISBN 979-13-7033-052-1
040 ## - FUENTE DE LA CATALOGACIÓN
Centro catalogador de origen ES-MaIEF
Lengua de catalogación spa
Centro transcriptor ES-MaIEF
245 00 - MENCIÓN DE TÍTULO
Título ARETÉ
Parte restante del título estudios en homenaje al profesor Javier Paricio Serrano
Mención de responsabilidad, etc. comisión editora: Christian Baldus, Universidad de Heidelberg ; Juan Iglesias-Redondo, Universidad Complutense de Madrid ; José María Ribas Alba, Universidad de Sevilla ; José Domingo Rodríguez Martín, Universidad de Viena
260 ## - PUBLICACIÓN, DISTRIBUCIÓN, ETC (PIE DE IMPRENTA)
Lugar de publicación, distribución, etc. Granada
Nombre del editor, distribuidor, etc. Editorial Comares
Fecha de publicación, distribución, etc. 2026
300 ## - DESCRIPCIÓN FÍSICA
Extensión 3 vol.
Dimensiones 24 cm
504 ## - NOTA DE BIBLIOGRAFÍA, ETC.
Bibliografía, etc. Bibliografía.
650 #4 - PUNTO DE ACCESO ADICIONAL DE MATERIA - TÉRMINO DE MATERIA
9 (RLIN) 43582
Término de materia o nombre geográfico como elemento inicial ESTUDIOS
650 #4 - PUNTO DE ACCESO ADICIONAL DE MATERIA - TÉRMINO DE MATERIA
Término de materia o nombre geográfico como elemento inicial HOMENAJES
9 (RLIN) 45439
650 #4 - PUNTO DE ACCESO ADICIONAL DE MATERIA - TÉRMINO DE MATERIA
9 (RLIN) 42372
Término de materia o nombre geográfico como elemento inicial DERECHO ROMANO
650 #4 - PUNTO DE ACCESO ADICIONAL DE MATERIA - TÉRMINO DE MATERIA
Término de materia o nombre geográfico como elemento inicial JURISTAS ESPAÑOLES
9 (RLIN) 47551
700 1# - PUNTO DE ACCESO ADICIONAL- NOMBRE DE PERSONA
9 (RLIN) 73657
Nombre de persona Baldus, Christian
700 ## - PUNTO DE ACCESO ADICIONAL- NOMBRE DE PERSONA
9 (RLIN) 20122
Nombre de persona Paricio Serrano, Javier
942 ## - ELEMENTOS KOHA
Koha tipo de item Libros
Holdings
Suprimido Perdido Estropeado No se presta Localización (Biblioteca) Sublocalización o Colección (subbiblioteca) Fecha de adquisición Koha signatura completa Designación de pieza (código de barras) Koha Fecha de último uso Precio efectivo desde Koha tipo de item Nota pública
      Disponible para préstamo IEF IEF 2026-05-06 66307 66307 2026-05-06 2026-05-06 Libros Vol. I
      Disponible para préstamo IEF IEF 2026-05-06 66308 66308 2026-05-06 2026-05-06 Libros Vol. II
      Disponible para préstamo IEF IEF 2026-05-06 66309 66309 2026-05-06 2026-05-06 Libros Vol. III

Powered by Koha